Estadísticas para Los fichajes más caros del fútbol - Futbolistas brasileños

Haz click aquí para intentar la prueba.

Estadísticas generales

  • Esta prueba ha sido intentada 24 veces
  • La puntuación promedio es 5 de 10

Estadísticas de respuestas

Coste (M €)TemporadaÚltimo clubNuevo clubJugador% Correcto
64,002023-2024AC MilanNewcastle UnitedSandro Tonali
96%
44,602022-2023FiorentinaJuventusFederico Chiesa
74%
75,002018-2019NápolesChelseaJorginho Jorginho
74%
45,002023-2024PSGAl-Arabi SCMarco Verratti
74%
52,882001-2002AC ParmaJuventusGianluigi Buffon
70%
42,002017-2018JuventusAC MilanLeonardo Bonucci
57%
36,402023-2024SassuoloJuventusManuel Locatelli
30%
40,002017-2018FiorentinaJuventusFederico Bernardeschi
22%
46,481999-2000LazioInterChristian Vieri
17%
37,742018-2019JuventusAC MilanMattia Caldara
4%

Distribución de puntuación

Porcentaje por número respondido

Porcentaje de gente con cada puntuación

Historial de tus puntuaciones

No has intentado esta prueba.